Handbook of high- tech teaching and learning / (Record no. 157284)

MARC details
000 -LEADER
fixed length control field 00612nam a22002177a 4500
003 - CONTROL NUMBER IDENTIFIER
control field dpl
005 - DATE AND TIME OF LATEST TRANSACTION
control field 20180910124932.0
008 - FIXED-LENGTH DATA ELEMENTS--GENERAL INFORMATION
fixed length control field 180910b xxu||||| |||| 00| 0 eng d
010 ## - LIBRARY OF CONGRESS CONTROL NUMBER
LC control number B-19749
020 ## - INTERNATIONAL STANDARD BOOK NUMBER
International Standard Book Number 8187317493
Terms of availability 0.00
035 ## - SYSTEM CONTROL NUMBER
System control number B-19749
040 ## - CATALOGING SOURCE
Original cataloging agency DPL
Language of cataloging EN
Transcribing agency 0
082 ## - DEWEY DECIMAL CLASSIFICATION NUMBER
Classification number 378.0072
Item number RAO
100 ## - MAIN ENTRY--PERSONAL NAME
Personal name Rao, V K
245 ## - TITLE STATEMENT
Title Handbook of high- tech teaching and learning /
Statement of responsibility, etc by V.K Rao
260 ## - PUBLICATION, DISTRIBUTION, ETC. (IMPRINT)
Place of publication, distribution, etc Delhi
Name of publisher, distributor, etc Rajat Publications
Date of publication, distribution, etc 1999
270 ## - ADDRESS
Address 4/32 geeta colony
City Delhi
Postal code 110031
300 ## - PHYSICAL DESCRIPTION
Extent 307p.:
Dimensions 20cm
500 ## - GENERAL NOTE
General note Include Index
942 ## - ADDED ENTRY ELEMENTS (KOHA)
Source of classification or shelving scheme Dewey Decimal Classification
Koha item type English Books
Classification part 378.0072
Call number suffix RAO
Holdings
Withdrawn status Lost status Source of classification or shelving scheme Damaged status Not for loan Collection code Home library Current library Date acquired Source of acquisition Cost, normal purchase price Total Checkouts Full call number Barcode Date last seen Cost, replacement price Price effective from Koha item type
    Dewey Decimal Classification     Non-fiction Patel Nagar Patel Nagar 10/09/2018 BPPD/PUB 0.00   378.0072 RAO B-19749 10/09/2018 0.00 10/09/2018 English Books

© Delhi Public Library
Hit Counter
free hit counter